Mito, tradición e historia del Perú

Guardat en:
Dades bibliogràfiques
Autor principal: Porras Barrenechea, Raúl (Autor)
Format: Llibre
Idioma:espanyol
Publicat: Lima Retablo de papel 1973
Matèries:
Etiquetes: Afegir etiqueta
Sense etiquetes, Sigues el primer a etiquetar aquest registre!

MARC

LEADER 00000nam a2200000 a 4500
001 UCO3263
003 CL-VaPUC
008 000714e19730000PE |||||||||||||||||spa|d
082 0 4 |a 985  |b POR  |2 21 
100 0 |a Porras Barrenechea, Raúl  |e author  |9 447298 
245 1 0 |a Mito, tradición e historia del Perú 
300 |a 101 p 
942 |c BK 
945 |d 20000714 00:00:00  |a rherrera 
260 |a Lima  |b Retablo de papel  |c 1973 
650 0 |a Historia de Perú  |9 316239 
650 0 |a Mitos  |9 267117 
650 7 |a CULTURA PERUANA  |2 CL-VaPUC  |9 435573 
650 7 |a TRADICIONES  |2 CL-VaPUC  |9 367367 
651 0 |a Perú  |9 256567 
583 |a last modification  |c 20000714 00:00:00  |k Rodrigo Vera 
999 |c 289731  |d 289729 
952 |0 0  |1 0  |4 0  |6 985_000000000000000_POR_1973  |7 0  |8 A  |9 338350  |a BIBHIS  |b BIBHIS  |d 2019-11-20  |i 1297325  |o 985 POR 1973  |p 1297325  |r 2025-01-20  |w 2019-11-20  |y BK  |k HIS